000 00919cab a22001935a 4500
001 L157406
008 121123e2012 xxk 000 0 eng d
035 _a(Sirsi) u157406
041 0 _aeng
100 1 _aHatcher, David
245 0 0 _aMarkets
_bScotland
260 _c2012
490 0 _aProperty Week
_v78(46) 16 November 2012, 41-46(5)
520 _aCovers recent commercial property activity in Scotland: Losing bidders for Aberdeen's St Nicholas House redevelopment are threatening Aberdeen City Council with a judicial review; Lloyds Bank Group expects to pick up a preferred buyer for its £778m Project Forth debt sale before the end of November; and CBRE, Jones Lang LaSalle, and GVA could lose their longstanding roles as commercial property advisers to City of Edinburgh Council as a result of a new tender.
590 _aKA
651 4 _aScotland
690 _aCommercial property
_96227
942 _n0
999 _c84368
_d84368